Fr. Conceicao Rodrigues College of Engineering

Digital signal and image processing (Record no. 27769)

MARC details
000 -LEADER
fixed length control field 00370nam a2200169Ia 4500
082 ## - DEWEY DECIMAL CLASSIFICATION NUMBER
Classification number 621.3822
Item number BOS
100 ## - MAIN ENTRY--PERSONAL NAME
Personal name Bose/Tamal
245 ## - TITLE STATEMENT
Title Digital signal and image processing
260 ## - PUBLICATION, DISTRIBUTION, ETC.
Name of publisher, distributor, etc. Wiley India
Date of publication, distribution, etc. 2004
366 ## - TRADE AVAILABILITY INFORMATION
Publishers's discount category 25
300 ## - PHYSICAL DESCRIPTION
Extent 706
546 ## - LANGUAGE NOTE
Language note ENGLISH
-- TTL
650 ## - SUBJECT ADDED ENTRY--TOPICAL TERM
Topical term or geographic name entry element image processing
654 ## - SUBJECT ADDED ENTRY--FACETED TOPICAL TERMS
Focus term image processing
942 ## - ADDED ENTRY ELEMENTS (KOHA)
Koha item type BOOK
Holdings
Withdrawn status Lost status Damaged status Not for loan Collection Home library Current library Date acquired Source of acquisition Cost, normal purchase price Inventory number Total Checkouts Full call number Barcode Date last seen Cost, replacement price Price effective from Koha item type
        CRC Fr. Agnel's C.Rodrigues College of Engineering Fr. Agnel's C.Rodrigues College of Engineering 17/03/2023 Allied Publishers 321.75 2373 dt 23/09/2010   621.3822 BOS 21112 17/03/2023 429.00   BOOK